[Event "Online Olym Div2 D 2020"]
[Site "chess.com INT"]
[Date "2020.08.14"]
[Round "2.2"]
[Board "4"]
[White "Ozturk, Kubra"]
[Black "Mencos Castillo, Maria"]
[Result "1-0"]
[WhiteTitle "WGM"]
[BlackTitle "WIM"]
[WhiteElo "2330"]
[BlackElo "1865"]
[WhiteTeam "Turkey"]
[BlackTeam "Guatemala"]
[WhiteFideId "6302599"]
[BlackFideId "7300867"]
[EventDate "2020.08.14"]
[EventType "team"]

1. d4 d5 2. c4 Nf6 3. cxd5 Nxd5 4. Nf3 c6 5. e4 Nf6 6. Nc3 Bg4 7. Be2 e6 8. O-O
Bh5 9. Bf4 Bb4 10. Qd3 Bg6 11. Nd2 O-O 12. a3 Ba5 13. b4 Bc7 14. Bxc7 Qxc7 15.
Rad1 Nbd7 16. f4 Rfe8 17. Nc4 Nd5 18. f5 Nxc3 19. Qxc3 exf5 20. e5 Nb6 21. Nd6
Red8 22. Nxf5 Bxf5 23. Rxf5 Rd7 24. Bg4 Rad8 25. Rf2 Nd5 26. Qg3 Re7 27. Rdf1
Nb6 28. Rf4 Nd5 29. R4f3 Qb6 30. Qf2 Qc7 31. h4 Rf8 32. h5 h6 33. e6 f6 34. Bf5
Qd6 35. Re1 Rd8 36. Re4 Ree8 37. Qh4 Ne7 38. Bh3 b6 39. Rg4 f5 40. Rgf4 Qxe6 41.
Bxf5 Nxf5 42. Rxf5 Rf8 43. Re5 Qc4 44. Rxf8+ Rxf8 45. Qe4 Qc1+ 46. Kh2 Qf4+ 47.
Qxf4 Rxf4 48. d5 cxd5 49. Rxd5 Rf7 50. Kg3 Re7 51. Kf4 Kf7 52. g4 a6 53. Rd6 Rb7
54. a4 a5 55. b5 Ke7 56. Rg6 Kf7 57. Rc6 Ke7 58. Kf5 Kf7 59. Rd6 Ke7 60. Re6+
Kf7 61. Rc6 Ke7 62. Kg6 Kd8 63. Rd6+ Ke8 64. Re6+ Kf8 65. Rc6 Ke8 66. Rc8+ Kd7
67. Rg8 Kd6 68. Rxg7 Rxg7+ 69. Kxg7 Kc5 70. Kxh6 Kb4 71. g5 Kxa4 72. g6 Kxb5 73.
g7 a4 74. g8=Q a3 75. Qb3+ Ka5 76. Qxa3+ Kb5 77. Kg5 Kc4 78. h6 b5 79. h7 1-0

[Event "Online Olym Div2 D 2020"]
[Site "chess.com INT"]
[Date "2020.08.14"]
[Round "2.2"]
[Board "5"]
[White "Aragon Trujillo, Ricardo M."]
[Black "Gokerkan, Cem Kaan"]
[Result "0-1"]
[WhiteTitle "CM"]
[BlackTitle "IM"]
[WhiteElo "1875"]
[BlackElo "2461"]
[WhiteTeam "Guatemala"]
[BlackTeam "Turkey"]
[WhiteFideId "7303033"]
[BlackFideId "6336760"]
[EventDate "2020.08.14"]
[EventType "team"]

1. e4 c5 2. Nf3 d6 3. c3 Nf6 4. h3 g6 5. d4 cxd4 6. cxd4 Nxe4 7. Bd3 Nf6 8. O-O
Bg7 9. Nc3 O-O 10. Re1 Nc6 11. Bg5 Bd7 12. a3 Rc8 13. Rc1 Re8 14. Qd2 Na5 15.
Qe2 Bc6 16. Bb1 Qb6 17. Ne4 Nxe4 18. Bxe4 Bxe4 19. Rxc8 Rxc8 20. Qxe4 e6 21. b4
Nc4 22. Qd3 d5 23. Rc1 h6 24. Bf4 Qa6 25. h4 h5 26. g3 b5 27. Ra1 Qa4 28. Bg5
Nd6 29. Be7 Ne4 30. Bc5 a5 31. Rb1 axb4 32. Rxb4 Nxc5 33. dxc5 Qa7 34. Rxb5 Rxc5
35. Rxc5 Qxc5 36. a4 e5 37. Qb5 Qxb5 38. axb5 e4 39. Ne1 Bd4 40. Kf1 Kf8 41. Ke2
Ke7 42. f3 f5 43. fxe4 fxe4 44. Ng2 Be5 45. Kf2 Kd6 46. Ke3 Bxg3 0-1

[Event "Online Olym Div2 D 2020"]
[Site "chess.com INT"]
[Date "2020.08.14"]
[Round "2.2"]
[Board "6"]
[White "Caglar, Sila"]
[Black "Santiago Sontay, Jenny Fernanda"]
[Result "1-0"]
[WhiteTitle "WIM"]
[WhiteElo "2250"]
[BlackElo "1708"]
[WhiteTeam "Turkey"]
[BlackTeam "Guatemala"]
[WhiteFideId "6364063"]
[BlackFideId "7303084"]
[EventDate "2020.08.14"]
[EventType "team"]

1. e4 e6 2. d4 d5 3. Nd2 c5 4. c3 Nc6 5. Ngf3 Bd7 6. exd5 exd5 7. dxc5 Bxc5 8.
Nb3 Bb6 9. Be2 Nf6 10. O-O O-O 11. Bg5 Re8 12. Re1 h6 13. Bh4 Bf5 14. Nfd4 Bg6
15. Bf3 Ne5 16. Bxf6 Qxf6 17. Bxd5 Nd3 18. Rxe8+ Rxe8 19. Qd2 Re7 20. a4 Bc7 21.
g3 Qg5 22. Qxg5 hxg5 23. Bxb7 Nxb2 24. Bg2 Be5 25. Nc6 Re6 26. Nbd4 Re8 27. Nxa7
Bb8 28. Nac6 Bc7 29. a5 Bd3 30. h3 Ba6 31. Nb4 Bc4 32. a6 Bb6 33. a7 Bxa7 34.
Rxa7 Re1+ 35. Kh2 f6 36. Rc7 Rd1 37. Nf5 Be6 38. Nxg7 1-0

[Event "Online Olym Div2 D 2020"]
[Site "chess.com INT"]
[Date "2020.08.14"]
[Round "2.3"]
[Board "1"]
[White "Jessel, Stephen"]
[Black "Ivanisevic, Ivan"]
[Result "0-1"]
[WhiteTitle "FM"]
[BlackTitle "GM"]
[WhiteElo "2297"]
[BlackElo "2604"]
[WhiteTeam "Ireland"]
[BlackTeam "Serbia"]
[WhiteFideId "628859"]
[BlackFideId "912417"]
[EventDate "2020.08.14"]
[EventType "team"]

1. Nf3 d5 2. c4 d4 3. b4 g5 4. h3 Bg7 5. Nxg5 e5 6. d3 Nf6 7. g3 h6 8. Nf3 e4 9.
Nh4 e3 10. Bg2 O-O 11. Na3 Nh5 12. Bf3 Qg5 13. Rg1 Nc6 14. Nc2 Re8 15. Rb1 Bxh3
16. b5 Ne5 17. Bxh5 Qxh5 18. fxe3 dxe3 19. Bxe3 Rad8 20. Rb3 Nxc4 21. Bf2 Bg4
22. dxc4 Rxd1+ 23. Kxd1 Rxe2 24. Bxa7 Qg5 25. Rd3 Rd2+ 0-1

[Event "Online Olym Div2 D 2020"]
[Site "chess.com INT"]
[Date "2020.08.14"]
[Round "2.3"]
[Board "2"]
[White "Sedlak, Nikola"]
[Black "Venkatesan, Kavin"]
[Result "1-0"]
[WhiteTitle "GM"]
[WhiteElo "2549"]
[BlackElo "1946"]
[WhiteTeam "Serbia"]
[BlackTeam "Ireland"]
[WhiteFideId "922900"]
[BlackFideId "2512602"]
[EventDate "2020.08.14"]
[EventType "team"]

1. d4 Nf6 2. Nf3 e6 3. Bf4 b6 4. e3 Bb7 5. c4 d5 6. Nc3 Nbd7 7. Rc1 c5 8. Nb5
Rc8 9. Nxa7 Ra8 10. Nb5 Rxa2 11. Qb3 Ra5 12. Nc7+ Ke7 13. Nb5 Ke8 14. Be2 dxc4
15. Bxc4 Bxf3 16. gxf3 h6 17. Nc7+ Ke7 18. Bxe6 Rb5 19. Qxb5 fxe6 20. Qc6 Kf7
21. Qxe6+ Kg6 22. Rg1+ Kh7 23. d5 c4 24. Rxc4 Bc5 25. Qf5+ Kg8 26. Ne6 1-0

[Event "Online Olym Div2 D 2020"]
[Site "chess.com INT"]
[Date "2020.08.14"]
[Round "2.3"]
[Board "3"]
[White "Kanyamarala, Trisha"]
[Black "Injac, Teodora"]
[Result "1/2-1/2"]
[WhiteTitle "WIM"]
[BlackTitle "WIM"]
[WhiteElo "2193"]
[BlackElo "2286"]
[WhiteTeam "Ireland"]
[BlackTeam "Serbia"]
[WhiteFideId "45004722"]
[BlackFideId "932400"]
[EventDate "2020.08.14"]
[EventType "team"]

1. d4 Nf6 2. c4 g6 3. Nc3 Bg7 4. e4 d6 5. Nf3 O-O 6. Be2 Na6 7. O-O e5 8. h3
exd4 9. Nxd4 Nc5 10. Bf3 Re8 11. Re1 a5 12. Bf4 Nfd7 13. Qd2 Ne5 14. Be2 Bd7 15.
Bg5 Qb8 16. f3 c6 17. Rad1 a4 18. Nc2 Be6 19. Ne3 f5 20. exf5 gxf5 21. Qc2 Qc8
22. Bf4 Qd7 23. Qd2 Rad8 24. Bg5 Ra8 25. Bf4 Rad8 26. Bg5 Ra8 27. Bf4 1/2-1/2

[Event "Online Olym Div2 D 2020"]
[Site "chess.com INT"]
[Date "2020.08.14"]
[Round "2.3"]
[Board "4"]
[White "Blagojevic, Tijana"]
[Black "O'Gorman, Alice"]
[Result "1-0"]
[WhiteTitle "WIM"]
[WhiteElo "2194"]
[BlackElo "1904"]
[WhiteTeam "Serbia"]
[BlackTeam "Ireland"]
[WhiteFideId "16500270"]
[BlackFideId "2508214"]
[EventDate "2020.08.14"]
[EventType "team"]

1. e4 e5 2. Nf3 Nf6 3. Nc3 Nc6 4. d4 exd4 5. Nxd4 Bb4 6. Nxc6 bxc6 7. Bd3 O-O 8.
O-O d5 9. exd5 cxd5 10. h3 c6 11. Qf3 Re8 12. Bf4 Bd6 13. Rfe1 Be6 14. Ne2 c5
15. Rad1 Rb8 16. b3 Qc7 17. c4 Red8 18. Bg5 dxc4 19. Bxf6 gxf6 20. bxc4 f5 21.
Bxf5 Bxf5 22. Qxf5 Bf8 23. Nf4 Rxd1 24. Rxd1 Rb7 25. Qg5+ Kh8 26. Rd8 Rb8 27.
Qf6+ Kg8 28. Rd3 h6 29. Rg3+ Kh7 30. Qf5+ Kh8 31. Nd5 Qb7 32. Qe5+ f6 33. Nxf6
Bg7 34. Rb3 Qxb3 35. axb3 Rxb3 36. Qf5 1-0

[Event "Online Olym Div2 D 2020"]
[Site "chess.com INT"]
[Date "2020.08.14"]
[Round "2.3"]
[Board "5"]
[White "Kanyamarala, Tarun"]
[Black "Ivic, Velimir"]
[Result "1/2-1/2"]
[WhiteTitle "FM"]
[BlackTitle "GM"]
[WhiteElo "2381"]
[BlackElo "2548"]
[WhiteTeam "Ireland"]
[BlackTeam "Serbia"]
[WhiteFideId "45004714"]
[BlackFideId "950122"]
[EventDate "2020.08.14"]
[EventType "team"]

1. d4 Nf6 2. c4 g6 3. Nc3 d5 4. cxd5 Nxd5 5. e4 Nxc3 6. bxc3 Bg7 7. Nf3 c5 8.
Be3 Qa5 9. Qd2 O-O 10. Rc1 Nd7 11. Bd3 e5 12. d5 Nf6 13. Bg5 Qc7 14. Qe2 Ne8 15.
Nd2 f5 16. exf5 gxf5 17. O-O Nd6 18. Nc4 Nxc4 19. Bxc4 Kh8 20. Qh5 Qd6 21. Qh4
Rf7 22. Rce1 Bd7 23. Re3 Rg8 24. Rfe1 b5 25. Bb3 c4 26. Bc2 e4 27. f3 Be5 28.
fxe4 f4 29. R3e2 Rfg7 30. Bxf4 Bxf4 31. e5 Bxe5 32. Rxe5 Rxg2+ 33. Kh1 Rxc2 34.
Rh5 Qg6 35. Rxh7+ Qxh7 36. Qf6+ Qg7 37. Qh4+ Qh7 38. Qf6+ Rg7 39. Qd8+ Rg8 40.
Qf6+ 1/2-1/2

[Event "Online Olym Div2 D 2020"]
[Site "chess.com INT"]
[Date "2020.08.14"]
[Round "2.3"]
[Board "6"]
[White "Srdanovic, Jovana"]
[Black "Putar, Lara"]
[Result "0-1"]
[WhiteTitle "WFM"]
[WhiteElo "2144"]
[BlackElo "1834"]
[WhiteTeam "Serbia"]
[BlackTeam "Ireland"]
[WhiteFideId "954810"]
[BlackFideId "14546604"]
[EventDate "2020.08.14"]
[EventType "team"]

1. d4 Nf6 2. c4 g6 3. Nc3 d5 4. Nf3 Bg7 5. Bg5 Ne4 6. cxd5 Nxc3 7. bxc3 Qxd5 8.
e3 Bg4 9. c4 Qa5+ 10. Qd2 Qxd2+ 11. Nxd2 c5 12. Nb3 cxd4 13. exd4 Nc6 14. Be3
O-O-O 15. Be2 Bxe2 16. Kxe2 Nxd4+ 17. Nxd4 Bxd4 18. Rad1 Bxe3 19. Kxe3 Kc7 20.
Rd4 Rxd4 21. Kxd4 Rd8+ 22. Kc3 Kc6 23. Re1 e6 24. a3 a6 25. h4 b5 26. cxb5+ Kxb5
27. Re4 a5 28. a4+ Kc5 29. Re1 Rd4 30. Re5+ Rd5 31. Re2 e5 32. g3 f5 33. Rb2 Kc6
34. Rb8 Rd4 35. f4 Rxa4 36. fxe5 Re4 37. Ra8 Rxe5 38. Ra7 Re3+ 39. Kd2 Rxg3 40.
Rxa5 Rh3 41. Ke2 Rxh4 42. Kf3 Kd6 43. Kg3 Rb4 44. Ra7 Rb3+ 45. Kf2 Rh3 46. Kg2
Rh5 47. Ra5 Ke6 48. Kf3 Rh3+ 49. Kg2 Rd3 50. Ra7 h5 51. Rg7 Kf6 52. Ra7 h4 53.
Ra6+ Kg5 54. Ra4 f4 55. Ra6 f3+ 56. Kf2 h3 57. Ra1 h2 58. Kg3 f2+ 59. Kxh2 Re3
60. Rf1 Re2 61. Kg3 Rb2 62. Rxf2 Rxf2 63. Kxf2 Kf4 64. Kg2 Kg4 65. Kh2 Kf3 66.
Kg1 g5 67. Kf1 g4 68. Kg1 Kg3 69. Kh1 Kf2 70. Kh2 g3+ 0-1

[Event "Online Olym Div2 D 2020"]
[Site "chess.com INT"]
[Date "2020.08.14"]
[Round "2.4"]
[Board "1"]
[White "Saric, Ivan"]
[Black "Grandelius, Nils"]
[Result "1/2-1/2"]
[WhiteTitle "GM"]
[BlackTitle "GM"]
[WhiteElo "2646"]
[BlackElo "2662"]
[WhiteTeam "Croatia"]
[BlackTeam "Sweden"]
[WhiteFideId "14508150"]
[BlackFideId "1710400"]
[EventDate "2020.08.14"]
[EventType "team"]

1. Nf3 d5 2. g3 Nd7 3. d4 Nb6 4. Bg2 Bf5 5. Nbd2 e6 6. a4 a5 7. O-O c6 8. Ne5
Nf6 9. c4 Bb4 10. c5 Nbd7 11. Ndf3 Nxe5 12. Nxe5 Nd7 13. Nxd7 Qxd7 14. Bd2 Bxd2
15. Qxd2 O-O 16. Ra3 Rfe8 17. f4 f6 18. Re3 Re7 19. h3 Bg6 20. g4 Bf7 21. Rg3
Qc7 22. g5 Bg6 23. h4 Kh8 24. e3 b6 25. Rc1 Rb8 26. Bf3 b5 27. axb5 Rxb5 28. h5
Bf5 29. gxf6 gxf6 30. Kh1 Rg7 31. Rcg1 Rxg3 32. Rxg3 Qb8 33. Rg2 Bh3 34. Rh2 Bf5
35. Rg2 Bh3 36. Rh2 Bf5 37. Rg2 1/2-1/2

[Event "Online Olym Div2 D 2020"]
[Site "chess.com INT"]
[Date "2020.08.14"]
[Round "2.4"]
[Board "2"]
[White "Hillarp Persson, Tiger"]
[Black "Brkic, Ante"]
[Result "1/2-1/2"]
[WhiteTitle "GM"]
[BlackTitle "GM"]
[WhiteElo "2539"]
[BlackElo "2594"]
[WhiteTeam "Sweden"]
[BlackTeam "Croatia"]
[WhiteFideId "1700812"]
[BlackFideId "14506688"]
[EventDate "2020.08.14"]
[EventType "team"]

1. Nf3 d5 2. c4 d4 3. b4 Bg4 4. Qb3 a5 5. b5 e6 6. g3 a4 7. Qd3 c5 8. Bg2 Nd7 9.
O-O Be7 10. Qc2 h5 11. e3 dxe3 12. dxe3 h4 13. Nc3 hxg3 14. hxg3 a3 15. Rb1 Ngf6
16. Rb3 Qb8 17. Rxa3 Rxa3 18. Bxa3 Ne5 19. Nd2 Bh3 20. Bxh3 Rxh3 21. Kg2 Rh5 22.
Rh1 Rxh1 23. Kxh1 Nfg4 24. Kg2 f5 25. Nd1 b6 26. Bb2 g5 27. e4 f4 28. Bxe5 Nxe5
29. Nb2 g4 30. gxf4 Ng6 31. Nd3 Nxf4+ 32. Nxf4 Qxf4 33. Qd3 Bf6 34. Qe2 Kf7 35.
Nf1 Kg6 36. Nh2 Kg5 37. f3 gxf3+ 38. Nxf3+ Kg6 39. e5 Qg4+ 40. Kf2 Bh4+ 41.
Nxh4+ Qxh4+ 42. Ke3 Qd4+ 43. Kf3 Kf5 44. a4 Qc3+ 45. Kf2 Kf4 46. Kg2 Qg3+ 47.
Kf1 Qc3 48. Kg2 Qg3+ 49. Kf1 Qc3 50. Qh2+ Kg4 51. Qe2+ Kf4 1/2-1/2

[Event "Online Olym Div2 D 2020"]
[Site "chess.com INT"]
[Date "2020.08.14"]
[Round "2.4"]
[Board "3"]
[White "Franciskovic, Borka"]
[Black "Cramling, Pia"]
[Result "1/2-1/2"]
[WhiteTitle "WIM"]
[BlackTitle "GM"]
[WhiteElo "2250"]
[BlackElo "2464"]
[WhiteTeam "Croatia"]
[BlackTeam "Sweden"]
[WhiteFideId "14507943"]
[BlackFideId "1700030"]
[EventDate "2020.08.14"]
[EventType "team"]

1. c4 c5 2. Nf3 Nc6 3. Nc3 Nf6 4. g3 g6 5. Bg2 d6 6. O-O Bg7 7. d4 cxd4 8. Nxd4
Bd7 9. b3 h5 10. Bb2 h4 11. Nxc6 Bxc6 12. Nd5 hxg3 13. hxg3 Kf8 14. Nxf6 Bxf6
15. Bxf6 exf6 16. Qd4 Kg7 17. Rad1 Qa5 18. Bxc6 bxc6 19. Qe4 Qc5 20. Kg2 Rae8
21. Qf4 Re5 22. Rh1 Rf5 23. Qe3 Qxe3 24. fxe3 Rd8 25. Rh4 c5 26. Re4 Re5 27. Kf3
Rf5+ 28. Rf4 Re5 29. Re4 Rf5+ 30. Rf4 Re5 31. Re4 1/2-1/2

[Event "Online Olym Div2 D 2020"]
[Site "chess.com INT"]
[Date "2020.08.14"]
[Round "2.4"]
[Board "4"]
[White "Agrest, Inna"]
[Black "Medic, Mirjana"]
[Result "0-1"]
[WhiteTitle "WIM"]
[BlackTitle "WGM"]
[WhiteElo "2284"]
[BlackElo "2207"]
[WhiteTeam "Sweden"]
[BlackTeam "Croatia"]
[WhiteFideId "1708830"]
[BlackFideId "14501619"]
[EventDate "2020.08.14"]
[EventType "team"]

1. e4 e6 2. d4 d5 3. Nc3 Nf6 4. Bg5 Bb4 5. e5 h6 6. Bc1 Ne4 7. Qg4 g6 8. Ne2 c5
9. a3 Bxc3+ 10. bxc3 Nc6 11. Be3 Qa5 12. f3 cxd4 13. fxe4 dxe3 14. Qf4 dxe4 15.
Qxe3 Qxe5 16. Nd4 Bd7 17. Be2 O-O 18. O-O Kg7 19. Nb3 Rad8 20. Rad1 f5 21. Kh1
Bc8 22. Nd2 Qc7 23. Bc4 e5 24. h3 b6 25. Ba2 Na5 26. Rfe1 Bb7 27. Nf1 f4 28. Qe2
e3 29. Qg4 Be4 30. Rxd8 Rxd8 31. Rd1 Rxd1 32. Qxd1 Nc6 33. Nh2 Ne7 34. Nf3 Nf5
35. Kh2 Ng3 36. Bd5 Bxf3 37. Bxf3 h5 38. c4 Kh6 39. Qd3 Nf5 40. Qd5 Kg7 41. c3
Ng3 42. Qd3 e4 43. Bxe4 Nxe4 44. Qxe4 f3+ 45. Kg1 f2+ 46. Kf1 Qc5 47. Qe6 a6 48.
Qd7+ Kh6 49. Qe6 b5 50. Qe8 Qxc4# 0-1

[Event "Online Olym Div2 D 2020"]
[Site "chess.com INT"]
[Date "2020.08.14"]
[Round "2.4"]
[Board "5"]
[White "Livaic, Leon"]
[Black "Pantzar, Milton"]
[Result "1-0"]
[WhiteTitle "IM"]
[BlackTitle "IM"]
[WhiteElo "2507"]
[BlackElo "2424"]
[WhiteTeam "Croatia"]
[BlackTeam "Sweden"]
[WhiteFideId "14531534"]
[BlackFideId "1721003"]
[EventDate "2020.08.14"]
[EventType "team"]

1. d4 d5 2. c4 e6 3. Nc3 c5 4. cxd5 exd5 5. Nf3 Nf6 6. Bg5 Be6 7. Bxf6 Qxf6 8.
e4 dxe4 9. Nxe4 Qf4 10. Bb5+ Nc6 11. Qe2 O-O-O 12. Bxc6 bxc6 13. O-O Bd5 14.
Rfe1 Kb8 15. Nxc5 Bxc5 16. dxc5 Rhe8 17. Qxe8 Rxe8 18. Rxe8+ Kb7 19. Re7+ Ka6
20. Re3 Qb4 21. b3 Qxc5 22. h3 Qc2 23. Ne5 Qb2 24. Ree1 Qc2 25. Rac1 Qd2 26.
Nxc6 Kb6 27. Ne5 Qxa2 28. Nc4+ Kb5 29. Re5 Kc6 30. Ne3+ 1-0

[Event "Online Olym Div2 D 2020"]
[Site "chess.com INT"]
[Date "2020.08.14"]
[Round "2.4"]
[Board "6"]
[White "Zaritovskaja, Margarita"]
[Black "Cvitan, Ena"]
[Result "0-1"]
[BlackTitle "FM"]
[WhiteElo "2040"]
[BlackElo "2242"]
[WhiteTeam "Sweden"]
[BlackTeam "Croatia"]
[WhiteFideId "14149249"]
[BlackFideId "14534215"]
[EventDate "2020.08.14"]
[EventType "team"]

1. e4 c6 2. Nc3 d5 3. Nf3 dxe4 4. Nxe4 Nf6 5. Qe2 Nxe4 6. Qxe4 Qa5 7. Bc4 Bf5 8.
Qf4 e6 9. O-O Be7 10. d3 Qd8 11. Re1 O-O 12. Bd2 Bf6 13. Ne5 Nd7 14. Bc3 Qc7 15.
Qg3 Nxe5 16. Bxe5 Bxe5 17. Rxe5 Rad8 18. Rae1 b5 19. Bb3 c5 20. Qe3 Rc8 21. c4
Rfd8 22. cxb5 Rxd3 23. Qf4 h6 24. Qh4 c4 25. Bd1 Qxe5 0-1

[Event "Online Olym Div2 D 2020"]
[Site "chess.com INT"]
[Date "2020.08.14"]
[Round "2.5"]
[Board "1"]
[White "Kjartansson, Gudmundur"]
[Black "Henriquez Villagra, Cristobal"]
[Result "1/2-1/2"]
[WhiteTitle "IM"]
[BlackTitle "GM"]
[WhiteElo "2466"]
[BlackElo "2600"]
[WhiteTeam "Iceland"]
[BlackTeam "Chile"]
[WhiteFideId "2301318"]
[BlackFideId "3409350"]
[EventDate "2020.08.14"]
[EventType "team"]

1. Nf3 Nf6 2. c4 c6 3. g3 d5 4. Bg2 e6 5. b3 Nbd7 6. O-O Bd6 7. Bb2 O-O 8. d3
Qe7 9. Nc3 a6 10. cxd5 cxd5 11. e4 dxe4 12. dxe4 e5 13. Qe2 b5 14. Ne1 Bb7 15.
Nd3 Nc5 16. Rfd1 Rac8 17. Nxc5 Bxc5 18. Nd5 Nxd5 19. exd5 Bd6 20. f4 exf4 21.
Qxe7 Bxe7 22. d6 Bxg2 23. dxe7 Rfe8 24. Kxg2 Rxe7 25. Rd2 fxg3 26. hxg3 f6 27.
Kf2 Kf7 28. Rh1 h6 29. Rh4 Rc6 30. Rhd4 g5 31. Rd6 Re6 32. Rxc6 Rxc6 33. g4 Kg6
34. Kf3 h5 35. gxh5+ Kxh5 36. Ke4 Kg6 37. Kd5 Rc8 38. Re2 f5 39. Re6+ Kh5 40.
Rxa6 f4 41. Bd4 Kg4 42. a4 bxa4 43. bxa4 Kf3 44. a5 g4 45. Rg6 Rd8+ 46. Kc5 Ke4
47. Re6+ Kd3 48. Be5 Rc8+ 49. Kb6 Ke4 50. Bd6+ Kd5 51. Rg6 Rc6+ 52. Kb7 Rxd6 53.
Rxg4 Ke4 54. a6 Ke3 55. a7 Rd7+ 56. Kb6 Rxa7 57. Kxa7 f3 58. Rg3 Ke2 59. Rxf3
Kxf3 1/2-1/2

[Event "Online Olym Div2 D 2020"]
[Site "chess.com INT"]
[Date "2020.08.14"]
[Round "2.5"]
[Board "2"]
[White "Vasquez Schroeder, Rodrigo"]
[Black "Gretarsson, Helgi Ass"]
[Result "1/2-1/2"]
[WhiteTitle "GM"]
[BlackTitle "GM"]
[WhiteElo "2441"]
[BlackElo "2401"]
[WhiteTeam "Chile"]
[BlackTeam "Iceland"]
[WhiteFideId "3400042"]
[BlackFideId "2300699"]
[EventDate "2020.08.14"]
[EventType "team"]

1. e4 e5 2. Nf3 Nc6 3. Bb5 a6 4. Ba4 g6 5. d4 b5 6. Bb3 exd4 7. c3 Bg7 8. cxd4
Nge7 9. Nc3 d6 10. h3 Na5 11. Bc2 O-O 12. O-O Bb7 13. b3 c5 14. Be3 Nac6 15. Qd2 1/2-1/2

[Event "Online Olym Div2 D 2020"]
[Site "chess.com INT"]
[Date "2020.08.14"]
[Round "2.5"]
[Board "3"]
[White "Ptacnikova, Lenka"]
[Black "Abarca Gonzalez, Damaris"]
[Result "1-0"]
[WhiteTitle "WGM"]
[BlackTitle "WFM"]
[WhiteElo "2117"]
[BlackElo "2047"]
[WhiteTeam "Iceland"]
[BlackTeam "Chile"]
[WhiteFideId "305650"]
[BlackFideId "3409414"]
[EventDate "2020.08.14"]
[EventType "team"]

1. c4 c6 2. Nf3 d5 3. e3 Nf6 4. b3 Bg4 5. Bb2 Nbd7 6. cxd5 cxd5 7. Be2 e6 8. O-O
Bd6 9. Ba3 Qe7 10. Bxd6 Qxd6 11. Nc3 a6 12. Rc1 O-O 13. d4 Rfc8 14. Qd2 h6 15.
Qb2 Bxf3 16. Bxf3 Rc7 17. Ne2 Rac8 18. Rxc7 Rxc7 19. Rc1 Nb8 20. h3 Nc6 21. Nc3
Ne7 22. Na4 Rxc1+ 23. Qxc1 Qc6 24. Qc5 Kf8 25. Kf1 Nd7 26. Qxc6 Nxc6 27. Ke2 Nb4
28. Nc3 Ke7 29. Kd2 f5 30. a3 Nc6 31. Be2 Kd6 32. Kc2 g5 33. g3 Nf6 34. Bd3 Ne7
35. Na4 Nd7 36. b4 h5 37. Nc5 Nxc5 38. dxc5+ Kc6 39. Kc3 Ng6 40. g4 fxg4 41.
Bxg6 gxh3 42. Bxh5 h2 43. Bf3 a5 44. Bg2 e5 45. Kb3 axb4 46. Kxb4 g4 47. a4 e4
48. a5 Kd7 49. Kb5 Kc7 50. Bh1 g3 51. fxg3 d4 52. Kc4 dxe3 53. Kc3 Kc6 54. Bxe4+
Kxc5 55. Bxb7 Kb5 56. a6 Kb6 57. Kd3 1-0

[Event "Online Olym Div2 D 2020"]
[Site "chess.com INT"]
[Date "2020.08.14"]
[Round "2.5"]
[Board "4"]
[White "Morales Flores, Monserrat"]
[Black "Johannsdottir, Johanna Bjorg"]
[Result "0-1"]
[WhiteTitle "WCM"]
[WhiteElo "1974"]
[BlackElo "1935"]
[WhiteTeam "Chile"]
[BlackTeam "Iceland"]
[WhiteFideId "3412016"]
[BlackFideId "2303108"]
[EventDate "2020.08.14"]
[EventType "team"]

1. e4 c5 2. Nf3 g6 3. d4 cxd4 4. Nxd4 Nc6 5. Nc3 Bg7 6. Be3 Nf6 7. Bc4 O-O 8.
Bb3 Ng4 9. Qxg4 Nxd4 10. Bxd4 Bxd4 11. Qf3 Qa5 12. O-O Bxc3 13. bxc3 d6 14. Rfd1
Bd7 15. e5 Bc6 16. Bd5 dxe5 17. Bxc6 bxc6 18. Rd7 Qc5 19. Rad1 Rfc8 20. h4 h5
21. Qg3 Kg7 22. Kh2 Rab8 23. a3 a5 24. a4 Rb2 25. R1d2 Ra2 26. f4 Rxa4 27. fxe5
Re4 28. R2d4 Rxe5 29. Rb7 Rf5 30. Re4 e5 31. c4 Rd8 32. c3 Rd1 33. Re1 Rxe1 34.
Qxe1 Qxc4 35. g3 Qc5 36. Kh3 Rf3 37. Qe2 Rxc3 38. Qa2 Qc4 39. Qf2 Qg4+ 40. Kh2
Rf3 41. Qe1 Qf5 42. Rb2 e4 43. Rc2 e3 44. Rxc6 Rf2+ 45. Kg1 Qf3 46. Qc3+ Kh7 0-1

[Event "Online Olym Div2 D 2020"]
[Site "chess.com INT"]
[Date "2020.08.14"]
[Round "2.5"]
[Board "5"]
[White "Stefansson, Vignir Vatnar"]
[Black "Castellanos Villela, Alejandro"]
[Result "1-0"]
[WhiteTitle "FM"]
[BlackTitle "CM"]
[WhiteElo "2301"]
[BlackElo "2202"]
[WhiteTeam "Iceland"]
[BlackTeam "Chile"]
[WhiteFideId "2308649"]
[BlackFideId "3446379"]
[EventDate "2020.08.14"]
[EventType "team"]

1. d4 g6 2. e4 Bg7 3. Nc3 d6 4. Nf3 a6 5. a4 Nf6 6. Be2 O-O 7. O-O Nc6 8. Be3 e5
9. dxe5 dxe5 10. Bc4 Be6 11. Bxe6 fxe6 12. Qe2 Nd4 13. Bxd4 exd4 14. Rad1 c5 15.
e5 Nd7 16. Ne4 Qc7 17. Qc4 Rae8 18. Nxd4 Qxe5 19. Nf3 Qc7 20. b4 Rxf3 21. gxf3
Ne5 22. Qe2 Rf8 23. Ng5 Qe7 24. Nh3 Rxf3 25. Kg2 cxb4 26. Ng1 Rf4 27. Qd2 Rf8
28. f4 Nc4 29. Qe2 Qc5 30. Qxe6+ Kh8 31. Rfe1 Nb2 32. Rd7 Qxc2+ 33. Re2 Qc3 34.
Re3 Qc5 35. Qe7 Qc6+ 36. Nf3 Rg8 37. Kg3 h6 38. Ne5 Qc2 39. Qf7 Kh7 40. Ng4 h5
41. Nf6+ Kh6 42. Nxg8+ 1-0